| 000 | 00420 a2200169 4500 | ||
|---|---|---|---|
| 001 | 066422 | ||
| 003 | OSt | ||
| 005 | 20210928115744.0 | ||
| 008 | |||
| 082 |
_a384.5 _bL77Q |
||
| 100 | 1 | _aEvans, Robert Loyd | |
| 245 | 1 |
_aQos in Integrated 3G network _cby Robert Loyd Evans |
|
| 260 |
_aBoston _bArtech House _c2002 |
||
| 300 | _a328p. | ||
| 690 | _aComputer Science | ||
| 942 |
_2ddc _cBK |
||
| 999 |
_c478 _d478 |
||